Giáo trình cung cấp điện
Uloženo v:
| Hlavní autor: | |
|---|---|
| Médium: | Kniha |
| Jazyk: | Undetermined |
| Vydáno: |
H.
ĐHSP
2003
|
| Témata: | |
| Tagy: |
Přidat tag
Žádné tagy, Buďte první, kdo otaguje tento záznam!
|
| Thư viện lưu trữ: | Trung tâm Học liệu Trường Đại học Cần Thơ |
|---|
| LEADER | 00536nam a2200193Ia 4500 | ||
|---|---|---|---|
| 001 | CTU_60147 | ||
| 008 | 210402s9999 xx 000 0 und d | ||
| 020 | |b 19000 | ||
| 082 | |a 621.319 | ||
| 082 | |b T513 | ||
| 100 | |a Phạm Khánh Tùng | ||
| 245 | 0 | |a Giáo trình cung cấp điện | |
| 245 | 0 | |c Phạm Khánh Tùng | |
| 260 | |a H. | ||
| 260 | |b ĐHSP | ||
| 260 | |c 2003 | ||
| 650 | |a electric power distribution,electric power transmission | ||
| 904 | |i Minh | ||
| 980 | |a Trung tâm Học liệu Trường Đại học Cần Thơ | ||